[Event "Titled Tue 10th Jun Late"]
[Site "chess.com INT"]
[Date "2025.06.10"]
[Round "3"]
[White "Ahmad, Al Khatib"]
[Black "Timmermans, Mark"]
[Result "1-0"]
[WhiteTitle "GM"]
[BlackTitle "IM"]
[WhiteElo "2172"]
[BlackElo "2405"]
[WhiteFideId "8103178"]
[BlackFideId "1026399"]
[EventDate "2025.06.10"]

1. d4 Nf6 2. Nc3 d5 3. Bf4 e6 4. Nb5 Bd6 5. Nxd6+ cxd6 6. Nf3 Nc6 7. e3 O-O 8.
c3 Ne4 9. Bd3 f5 10. h3 Qe7 11. Qb3 b6 12. Qa3 Rd8 13. Bxe4 fxe4 14. Bg5 Qf8 15.
Bxd8 exf3 16. Bh4 fxg2 17. Rg1 Qf3 18. Qxd6 Ba6 19. Qxe6+ Kh8 20. Qg4 Be2 21.
Qxg2 Qxg2 22. Rxg2 Bf3 23. Rg3 Rf8 24. Kd2 h6 25. Rgg1 Na5 26. b3 Nc6 27. Bg3
Kh7 28. Be5 g5 29. h4 Nxe5 30. dxe5 gxh4 31. Kd3 Be4+ 32. Kd4 h3 33. f4 h2 34.
Rgf1 Kg6 35. c4 Rd8 36. cxd5 Bxd5 37. f5+ Kf7 38. e4 Bb7+ 39. Ke3 Rc8 40. Rh1
Rc3+ 41. Kf4 Rc2 42. Rad1 Bc6 43. Rd6 Ba8 44. e6+ Kf6 45. e5+ Ke7 46. Rd7+ Ke8
47. f6 Rf2+ 48. Ke3 Bxh1 49. Kxf2 Bc6 50. f7+ Kf8 51. Rd8+ Ke7 52. f8=Q+ Kxe6
53. Re8+ Kd5 54. Rd8+ Ke4 55. Qf3+ Kxe5 56. Qxc6 1-0

[Event "Titled Tue 10th Jun Late"]
[Site "chess.com INT"]
[Date "2025.06.10"]
[Round "3"]
[White "Lesovoi, Evgenij"]
[Black "Sjugirov, Sanan"]
[Result "0-1"]
[WhiteTitle "FM"]
[BlackTitle "GM"]
[WhiteElo "2234"]
[BlackElo "2635"]
[WhiteFideId "24164135"]
[BlackFideId "4189302"]
[EventDate "2025.06.10"]

1. d4 Nf6 2. c4 e6 3. Nc3 Bb4 4. Qc2 Nc6 5. e3 d6 6. Nf3 O-O 7. Bd2 e5 8. a3
exd4 9. exd4 Re8+ 10. Be2 Bxc3 11. Bxc3 Ne4 12. O-O Nxc3 13. bxc3 Bg4 14. Rfe1
Qf6 15. h3 Bh5 16. Qd2 h6 17. Nh2 Bxe2 18. Rxe2 Rxe2 19. Qxe2 Qe6 20. Qd3 Na5
21. d5 Qd7 22. Nf1 Re8 23. Ne3 Nb3 24. Re1 Nc5 25. Qd4 Re4 26. Qd2 Qe8 27. f3
Re5 28. Nc2 Qa4 29. Rxe5 dxe5 30. Ne3 Qxa3 31. Nf5 Nb3 32. Qd3 Qc1+ 33. Kh2 Nc5
34. Ne7+ Kf8 35. Qf5 Kxe7 36. Qxe5+ Kd8 37. Qxg7 Qf4+ 38. Kh1 b6 39. Qf8+ Kd7
40. Qa8 a5 41. Qc6+ Kd8 42. Qa8+ Ke7 43. Qc6 Qd6 44. Qa8 a4 45. Qh8 a3 46. Qa8
Nd7 47. Qa4 Qc5 48. h4 Ne5 49. h5 Nxc4 50. Qa7 Nd6 51. Qa8 Qa5 52. Qb8 Ne8 0-1

[Event "Titled Tue 10th Jun Late"]
[Site "chess.com INT"]
[Date "2025.06.10"]
[Round "3"]
[White "Jasinski, Alexander"]
[Black "Saidov, Bilukhadzh"]
[Result "0-1"]
[BlackTitle "FM"]
[WhiteElo "1989"]
[BlackElo "2309"]
[WhiteFideId "55627994"]
[BlackFideId "34165476"]
[EventDate "2025.06.10"]

1. e4 c5 2. Nf3 Nf6 3. Qe2 Nc6 4. g3 d6 5. Bg2 Bg4 6. c3 Ne5 7. O-O Qd7 8. d4
cxd4 9. cxd4 Nxf3+ 10. Bxf3 Bxf3 11. Qxf3 Qg4 12. Qxg4 Nxg4 13. f3 Nf6 14. Be3
e6 15. Nc3 Be7 16. Rac1 Kd7 17. Rfd1 Rhc8 18. Kf2 h6 19. Ke2 Bd8 20. e5 Ne8 21.
f4 Ba5 22. d5 Bxc3 23. bxc3 exd5 24. Rxd5 Ke6 25. Rcd1 Rxc3 26. exd6 Kd7 27. Re5
Nxd6 28. Red5 Rxe3+ 29. Kxe3 Re8+ 30. Kd4 Rc8 31. Ke3 Rc6 32. f5 Ke7 33. Kf4 a6
34. Re1+ Kd7 35. g4 Rc4+ 36. Kg3 Kc6 37. Rd2 Ne4+ 38. Rxe4 Rxe4 39. Kf3 Rc4 40.
h3 Kc7 41. Re2 Kd7 42. Rd2+ Ke7 43. Re2+ Kf6 44. h4 h5 45. g5+ Kxf5 46. Re7 Kg6
47. Rxb7 Rxh4 48. Rb6+ Kxg5 49. Rxa6 f5 50. Ra8 Rh3+ 51. Kg2 Rc3 52. a4 Ra3 53.
a5 Kg4 54. a6 g5 55. a7 Ra2+ 56. Kf1 f4 57. Ke1 h4 58. Kf1 h3 59. Kg1 Kg3 60.
Kf1 g4 61. Ke1 h2 62. Rh8 Rxa7 0-1

[Event "Titled Tue 10th Jun Late"]
[Site "chess.com INT"]
[Date "2025.06.10"]
[Round "3"]
[White "Sahbudak, Baris Cinar"]
[Black "Shandrygin, Nikita"]
[Result "0-1"]
[WhiteTitle "CM"]
[BlackTitle "FM"]
[WhiteElo "2072"]
[BlackElo "2209"]
[WhiteFideId "26351633"]
[BlackFideId "24198668"]
[EventDate "2025.06.10"]

1. e4 e5 2. Nc3 Nc6 3. Bc4 Nf6 4. d3 Bb4 5. Ne2 d5 6. exd5 Nxd5 7. Bxd5 Qxd5 8.
O-O Qd8 9. f4 O-O 10. f5 f6 11. Ne4 Ne7 12. g4 Ba5 13. N2g3 Bb6+ 14. Kh1 c6 15.
g5 Nd5 16. gxf6 Nxf6 17. Bg5 Kh8 18. Nh5 Rf7 19. Qf3 Qf8 20. Nhxf6 gxf6 21. Bd2
Bd7 22. Qh5 Qe7 23. a4 a5 24. Rf3 Rg8 25. Raf1 Rfg7 26. Rg3 Rxg3 27. hxg3 Bd8
28. Be3 Qe8 29. Qh4 Qf7 30. Rf2 Qd5 31. g4 b5 32. Rh2 Qf7 33. axb5 cxb5 34. Nd6
Qe7 35. Ne4 b4 36. g5 fxg5 37. Bxg5 Rxg5 38. Nxg5 Bc6+ 39. Kg1 Qxg5+ 40. Qxg5
Bxg5 41. Re2 Bf6 42. Kf2 a4 43. c3 a3 44. bxa3 bxa3 45. Ra2 Be7 46. c4 Ba4 47.
Ke3 Bb3 48. Ra1 a2 49. Ke4 Ba3 50. Kxe5 Bb2+ 51. Kd6 Bxa1 52. f6 Bxf6 53. Ke6
a1=Q 54. Kf7 Qe5 55. Kf8 Qe7# 0-1

[Event "Titled Tue 10th Jun Late"]
[Site "chess.com INT"]
[Date "2025.06.10"]
[Round "3"]
[White "Bustelo, Tabare"]
[Black "Ferreira, Vitor Hugo Vieira"]
[Result "0-1"]
[WhiteTitle "CM"]
[WhiteElo "2043"]
[BlackElo "2128"]
[WhiteFideId "3000362"]
[BlackFideId "2119765"]
[EventDate "2025.06.10"]

1. e4 c5 2. b4 d6 3. Bb2 Nf6 4. bxc5 dxc5 5. Bxf6 exf6 6. Nc3 Nc6 7. Bc4 Ne5 8.
Bb5+ Bd7 9. Qe2 Bd6 10. f4 Nc6 11. g3 O-O 12. Nf3 Nd4 13. Nxd4 cxd4 14. Bxd7
dxc3 15. Bh3 cxd2+ 16. Qxd2 Qb6 17. Ke2 Rfe8 18. Bg2 Bb4 19. Qe3 Qa6+ 20. Qd3
Qa4 21. Rhd1 Rac8 22. c4 b5 23. Qb3 Qa5 24. Rac1 Ba3 25. Rc2 bxc4 26. Rxc4 Qa6
27. Kf2 Rxc4 28. Bf1 Bc5+ 29. Kg2 Rc2+ 30. Qxc2 Qb6 31. Kh1 f5 32. Bg2 fxe4 33.
Bxe4 g6 34. Bg2 h5 35. Rc1 Be3 36. Re1 Rd8 37. Qe2 Bc5 38. f5 h4 39. fxg6 Qxg6
40. g4 Bb4 41. Be4 Qe6 42. Rf1 Re8 43. Rf4 Bd6 44. Rf3 Qxe4 45. Qxe4 Rxe4 46.
Kg2 Rxg4+ 47. Kh3 Rf4 48. Rd3 Be5 49. a4 Rxa4 50. Rd2 f6 51. Rg2+ Kf8 52. Rd2
Ke7 53. Re2 Ra3+ 54. Kg4 Ke6 0-1

[Event "Titled Tue 10th Jun Late"]
[Site "chess.com INT"]
[Date "2025.06.10"]
[Round "3"]
[White "Pavlov, Nikolay"]
[Black "Gerbelli Neto, Eduardo"]
[Result "1-0"]
[WhiteTitle "FM"]
[WhiteElo "2316"]
[BlackElo "2114"]
[WhiteFideId "24141470"]
[BlackFideId "2103281"]
[EventDate "2025.06.10"]

1. e4 e5 2. Nf3 Nc6 3. Bc4 Nf6 4. d3 Bc5 5. c3 d6 6. O-O a5 7. h3 O-O 8. Nbd2
Bd7 9. Re1 Qb8 10. a4 Qa7 11. Re2 Nh5 12. Nf1 Be6 13. Bb5 f5 14. exf5 Bxf5 15.
Bxc6 bxc6 16. d4 exd4 17. Nxd4 Bxd4 18. cxd4 Nf6 19. Ng3 Bg6 20. Bg5 Nd5 21. Rc1
h6 22. Be3 Qb6 23. Qd2 Rab8 24. Nf1 Kh7 25. f3 Rfe8 26. Kh2 Qb3 27. Rxc6 Nxe3
28. Rxe3 Rxe3 29. Nxe3 Qxb2 30. Qxb2 Rxb2 31. Rxc7 Rd2 32. Nd5 Bc2 33. Nf6+ Kg6
34. Ne8 Bxa4 35. Rxg7+ Kf5 36. Nxd6+ Kf4 37. Rf7+ Ke3 38. Nf5+ Kf2 39. Nxh6 Rxd4
40. Ng4+ Kf1 41. h4 Rd2 42. Ne3+ Ke2 43. Re7 Kf2 44. h5 Rd4 45. Ng4+ Kf1 46.
Ne3+ Kf2 47. Ng4+ Kf1 48. h6 Rd2 49. Ne3+ Kf2 50. h7 Rd8 51. Ng4+ Kf1 52. Ne3+
Kf2 53. Ng4+ Kf1 54. Nf6 Rd2 55. Rg7 1-0

[Event "Titled Tue 10th Jun Late"]
[Site "chess.com INT"]
[Date "2025.06.10"]
[Round "3"]
[White "Fadi, Marko"]
[Black "Antoniou, Rafail"]
[Result "0-1"]
[WhiteTitle "FM"]
[BlackTitle "CM"]
[WhiteElo "2298"]
[BlackElo "2134"]
[WhiteFideId "10605371"]
[BlackFideId "5904390"]
[EventDate "2025.06.10"]

1. c4 c6 2. d4 d5 3. cxd5 cxd5 4. Nf3 Nf6 5. Nc3 a6 6. Bf4 Nc6 7. e3 Bg4 8. Be2
Bxf3 9. Bxf3 e6 10. O-O Bd6 11. Bg5 O-O 12. Rc1 Rc8 13. Be2 b5 14. Bd3 Be7 15.
Qe2 Na5 16. Rc2 Nc4 17. b3 Nd6 18. Rfc1 Qd7 19. f3 Nh5 20. Bxe7 Qxe7 21. a4 b4
22. Nd1 a5 23. Nf2 Nf6 24. Ba6 Ra8 25. Rc7 Qd8 26. Bb5 Rb8 27. Bd3 Nc4 28. Rc5
Nd6 29. Bb1 g6 30. Nd3 Kg7 31. Rc6 Rb6 32. Ne5 Rxc6 33. Rxc6 Qb8 34. Bd3 Rc8 35.
Qc2 Rxc6 36. Qxc6 h5 37. h4 Nfe8 38. Kf2 Qd8 39. Qc5 Qxh4+ 40. Kf1 Qh1+ 41. Kf2
Qd1 42. Bc2 Qd2+ 43. Kf1 Qxe3 44. Bd3 h4 45. Nd7 Qxd3+ 46. Kg1 Qe3+ 47. Kh2 Qf4+
48. Kg1 Nf6 49. Ne5 Nf5 50. Qc7 Nh6 51. Nxf7 Qxc7 52. Ng5 Qc1+ 53. Kh2 Qxg5 54.
Kh3 Nhg4 55. f4 Qxf4 56. Kxh4 g5+ 57. Kh3 Qh2# 0-1

[Event "Titled Tue 10th Jun Late"]
[Site "chess.com INT"]
[Date "2025.06.10"]
[Round "3"]
[White "Nepomniachtchi, Ian"]
[Black "Yeganegi, Barad"]
[Result "1-0"]
[WhiteTitle "GM"]
[BlackTitle "FM"]
[WhiteElo "2757"]
[BlackElo "2400"]
[WhiteFideId "4168119"]
[BlackFideId "42516340"]
[EventDate "2025.06.10"]

1. e4 c5 2. Nf3 d6 3. d4 cxd4 4. Nxd4 Nf6 5. Bc4 e6 6. Bd3 d5 7. e5 Nfd7 8. Nxe6
Bb4+ 9. c3 fxe6 10. cxb4 O-O 11. f4 Nc6 12. a3 Qb6 13. Qh5 g6 14. Bxg6 hxg6 15.
Qxg6+ Kh8 16. Qh6+ Kg8 17. Qxe6+ Kh8 18. Qh3+ Kg8 19. Qg3+ Kh8 20. Nc3 Nd4 21.
Be3 Nc2+ 22. Kd2 Nxe3 23. Qxe3 Qxe3+ 24. Kxe3 d4+ 25. Kxd4 Rxf4+ 26. Ne4 Nf8 27.
Raf1 Rxf1 28. Rxf1 Kg7 29. Nd6 Be6 30. Nxb7 Rc8 31. Nc5 Rd8+ 32. Kc3 Re8 33. b5
Bd5 34. Re1 Ng6 35. g3 Nxe5 36. b4 Bf7 37. a4 Kf6 38. a5 Rh8 39. b6 axb6 40.
axb6 Nc6 41. b7 Nb8 42. h4 Rg8 43. Re3 Bd5 44. Kd4 Bc6 45. Re6+ Kf7 46. Re3 Rg4+
47. Kc3 Bd5 48. Rd3 Bc6 49. h5 Ke7 50. h6 Rg6 51. Re3+ Kf7 52. h7 Rh6 53. Ne6
Kf6 54. Nf8 Kf7 55. Re6 Rh3 56. Rg6 Kxf8 57. Rg8+ Kf7 58. h8=Q Rxh8 59. Rxh8 1-0

[Event "Titled Tue 10th Jun Late"]
[Site "chess.com INT"]
[Date "2025.06.10"]
[Round "3"]
[White "Sethuraman, Roshan"]
[Black "Lira, Suan Bruno Fernandes"]
[Result "1/2-1/2"]
[WhiteElo "2074"]
[BlackElo "2163"]
[WhiteFideId "30965250"]
[BlackFideId "22794620"]
[EventDate "2025.06.10"]

1. e4 c6 2. Nf3 d5 3. Nc3 dxe4 4. Nxe4 Nf6 5. Qe2 Nxe4 6. Qxe4 Nd7 7. Bc4 Nf6 8.
Ne5 e6 9. Qe2 b5 10. Bd3 Qc7 11. a4 Bd6 12. Nxc6 b4 13. Nd4 a6 14. b3 Bb7 15. f3
Bxh2 16. Bb2 Bg3+ 17. Kd1 Qe5 18. Kc1 Rd8 19. Qxe5 Bxe5 20. Ne2 Bxb2+ 21. Kxb2
Ke7 22. Rh4 a5 23. Rah1 h6 24. Rc4 Rc8 25. Rxc8 Rxc8 26. Bc4 Nd7 27. d3 Ne5 28.
Nd4 Nxc4+ 29. bxc4 Rc5 30. Re1 Rg5 31. Re2 h5 32. c3 bxc3+ 33. Kxc3 Kd6 34. Rb2
Kc7 35. Nb5+ Kd7 36. Nd4 Bc6 37. Nxc6 Kxc6 38. Re2 h4 39. d4 Rg3 40. Rf2 g5 41.
Kd3 f5 42. Ke3 h3 43. gxh3 Rxh3 44. Ke2 Rh4 45. Kd3 Rh3 46. Ke3 Kd6 47. Ke2 e5
48. dxe5+ Kxe5 49. Rg2 Kf4 50. c5 Rxf3 51. Rxg5 Rc3 52. Rg6 Rxc5 53. Ra6 Ke4 54.
Kf2 f4 55. Ke2 Rc2+ 56. Kf1 Kf3 57. Ke1 Rc1+ 58. Kd2 Rc5 59. Ke1 Re5+ 60. Kf1
Ke3 61. Kg2 f3+ 62. Kf1 Rc5 63. Re6+ Kf4 64. Ra6 Ke3 65. Re6+ Kd3 66. Rf6 Ke3
67. Re6+ 1/2-1/2

[Event "Titled Tue 10th Jun Late"]
[Site "chess.com INT"]
[Date "2025.06.10"]
[Round "3"]
[White "Kunin, Vitaly"]
[Black "Schernthaner, David"]
[Result "1-0"]
[WhiteTitle "GM"]
[BlackTitle "FM"]
[WhiteElo "2500"]
[BlackElo "2401"]
[WhiteFideId "4128737"]
[BlackFideId "1649574"]
[EventDate "2025.06.10"]

1. e4 a6 2. d4 g6 3. Nc3 Bg7 4. g3 b5 5. Bg2 Bb7 6. Nge2 e6 7. O-O Ne7 8. Be3 d6
9. Qd2 Nd7 10. Bh6 O-O 11. Rad1 Bxh6 12. Qxh6 b4 13. Nb1 c5 14. Nd2 Qc7 15. Nf3
Rfd8 16. h4 Nf8 17. Nh2 Kh8 18. Ng4 Ng8 19. Qg5 Qe7 20. Rd2 Qxg5 21. hxg5 c4 22.
c3 a5 23. f4 Ne7 24. Kf2 Kg7 25. Rh1 Rab8 26. e5 Bxg2 27. Kxg2 Nd5 28. Nf6 Rb7
29. Kf3 bxc3 30. bxc3 Nxf6 31. gxf6+ Kg8 32. g4 dxe5 33. fxe5 Rdb8 34. Ng3 Rb2
35. Rhh2 Rxd2 36. Rxd2 Nd7 37. Ne4 Rb1 38. Rc2 Nb6 39. Nd6 a4 40. d5 Nxd5 41.
Nxc4 Kf8 42. Nd6 a3 43. c4 Nb4 44. Rh2 Kg8 45. Nxf7 Kxf7 46. Rxh7+ Kf8 47. Re7
Nxa2 48. Rxe6 Nc3 49. Rc6 a2 50. e6 Rb8 51. Ra6 Rc8 52. g5 Ke8 53. Ke3 Kd8 54.
Kd4 Ne2+ 55. Ke5 Nc1 56. Kd6 Rb8 57. f7 Kc8 58. f8=Q+ Kb7 59. Rb6+ Kxb6 60.
Qxb8+ Ka5 61. Qb5# 1-0

[Event "Titled Tue 10th Jun Late"]
[Site "chess.com INT"]
[Date "2025.06.10"]
[Round "3"]
[White "Mitrabha, Guha"]
[Black "Aradhya, Garg"]
[Result "1-0"]
[WhiteTitle "GM"]
[BlackTitle "IM"]
[WhiteElo "2515"]
[BlackElo "2370"]
[WhiteFideId "5057000"]
[BlackFideId "25006746"]
[EventDate "2025.06.10"]

1. Nf3 d5 2. e3 Nf6 3. b3 g6 4. Bb2 Bg7 5. c4 c6 6. h3 O-O 7. Be2 a5 8. Nc3 Na6
9. d4 Bf5 10. O-O Ne4 11. Rc1 Nxc3 12. Bxc3 Nc7 13. a4 Ne8 14. Ne5 Nd6 15. Bb2
Be6 16. Qc2 Rc8 17. Rfd1 Bf5 18. Qd2 Ne4 19. Qe1 Qb6 20. Ba3 Qxb3 21. Bxe7 Rfe8
22. Rb1 Qxa4 23. Rxb7 Rb8 24. Rxb8 Rxb8 25. Ra1 Qc2 26. Bd3 Qc3 27. Qxc3 Nxc3
28. Nxc6 Rc8 29. Bxf5 Rxc6 30. Rxa5 h5 31. cxd5 Nxd5 32. Rxd5 gxf5 33. Rxf5 Rc1+
34. Kh2 Rf1 35. g3 Kh7 36. Kg2 Ra1 37. Rxf7 Kg6 38. Rf3 Ra2 39. Bc5 Rd2 40. h4
Bf6 41. e4 Bxd4 42. Bxd4 Rxd4 43. e5 Re4 44. Re3 Rxe3 45. fxe3 Kf5 46. Kf3 Kxe5
47. g4 hxg4+ 48. Kxg4 Ke4 49. h5 Kxe3 50. h6 Ke4 51. h7 Kd5 52. h8=Q Ke6 53. Qh5
Kd6 54. Qf5 Ke7 55. Qg6 Kd7 56. Qf6 Kc7 57. Qe6 Kb7 58. Qd6 Ka8 59. Qd7 Kb8 60.
Kf5 Ka8 61. Ke6 Kb8 62. Kd6 Ka8 63. Kc6 Kb8 64. Qc7+ Ka8 65. Qb7# 1-0

[Event "Titled Tue 10th Jun Late"]
[Site "chess.com INT"]
[Date "2025.06.10"]
[Round "3"]
[White "Shukhman, Anna"]
[Black "Panin, Mikhail"]
[Result "1-0"]
[WhiteTitle "WGM"]
[BlackTitle "CM"]
[WhiteElo "2413"]
[BlackElo "2255"]
[WhiteFideId "54180058"]
[BlackFideId "34164992"]
[EventDate "2025.06.10"]

1. e4 d5 2. exd5 Qxd5 3. Nc3 Qd6 4. d4 Nf6 5. Nf3 g6 6. Bc4 Bg7 7. O-O a6 8. Re1
O-O 9. Ne5 Nc6 10. Nxc6 Qxc6 11. Qe2 Bf5 12. d5 Qd7 13. Bf4 Rfe8 14. Rad1 c6 15.
Be5 Rac8 16. dxc6 Qxc6 17. Bb3 Red8 18. h3 h5 19. Qe3 b5 20. Bxf6 Bxf6 21. Nd5
Kg7 22. Nxe7 Bxe7 23. Qxe7 Qf6 24. Qxf6+ Kxf6 25. c3 a5 26. a4 bxa4 27. Bxa4 Rb8
28. b3 Rxd1 29. Rxd1 Bc2 30. Rc1 Be4 31. f3 Bd5 32. c4 Be6 33. Bb5 Ke5 34. Ra1
Ra8 35. Kf2 Kd4 36. Rc1 Kc5 37. Ke3 Rd8 38. Ra1 Kb4 39. Ra4+ Kxb3 40. Rxa5 Bxc4
41. Bxc4+ Kxc4 42. Ra7 Rd3+ 43. Kf4 f6 44. Ra6 Rd2 45. g4 Rd4+ 46. Ke3 hxg4 47.
hxg4 Rd3+ 48. Kf2 Rd2+ 49. Kg3 f5 50. Rxg6 fxg4 51. fxg4 Kd5 52. Rf6 Ke5 53. Rf1
Ke6 54. Kh4 Rd5 55. g5 Rd2 56. Kh5 Rh2+ 57. Kg6 Rg2 58. Kh6 Rh2+ 59. Kg7 Ke7 60.
g6 Rg2 61. Kh7 Rh2+ 62. Kg8 Rg2 63. g7 Rg4 64. Re1+ Kf6 65. Kf8 1-0

[Event "Titled Tue 10th Jun Late"]
[Site "chess.com INT"]
[Date "2025.06.10"]
[Round "3"]
[White "Mesquita, Eduardo Barbosa"]
[Black "Dudzinski, Pawel"]
[Result "0-1"]
[BlackTitle "FM"]
[WhiteElo "2014"]
[BlackElo "2191"]
[WhiteFideId "22757163"]
[BlackFideId "1117890"]
[EventDate "2025.06.10"]

1. e4 c6 2. d4 d5 3. e5 c5 4. c3 Nc6 5. Nf3 Bg4 6. dxc5 Bxf3 7. Qxf3 Nxe5 8.
Bb5+ Nc6 9. Bf4 Nf6 10. O-O e6 11. b4 Be7 12. Nd2 a5 13. a3 O-O 14. Bxc6 bxc6
15. Nb3 a4 16. Nd4 Qc8 17. Rfe1 Nd7 18. Qg3 Bf6 19. Bd6 Re8 20. Rad1 e5 21. Nf5
g6 22. Nh6+ Kg7 23. Ng4 e4 24. Qf4 h5 25. Qh6+ Kg8 26. Nxf6+ Nxf6 27. h3 Qf5 28.
Re3 Nh7 29. Rg3 Kh8 30. Re1 Qf6 31. Bf4 Qg7 32. f3 Qxh6 33. Bxh6 exf3 34. Rxe8+
Rxe8 35. Rxf3 Kg8 36. Be3 f5 37. Bd4 Re4 38. Kf2 Kf7 39. Rg3 f4 40. Rd3 Ke6 41.
g4 hxg4 42. hxg4 Ng5 43. Kg2 Re2+ 44. Kf1 Ra2 45. b5 cxb5 46. c6 Kd6 47. Bf6 Ne4
48. c7 Kxc7 49. Be5+ Kc6 50. Bxf4 Rxa3 51. Be5 b4 52. Re3 bxc3 53. Bxc3 Rxc3 54.
Re1 Rc2 55. Ra1 Kb5 56. g5 Ka5 57. Ke1 Rh2 58. Kd1 Rh1+ 59. Kc2 Rxa1 60. Kd3 Rg1
61. Kd4 Rxg5 0-1

[Event "Titled Tue 10th Jun Late"]
[Site "chess.com INT"]
[Date "2025.06.10"]
[Round "3"]
[White "Pullela, Sricharan"]
[Black "Vila Dupla, Aurelio"]
[Result "1-0"]
[BlackTitle "FM"]
[WhiteElo "2144"]
[BlackElo "2056"]
[WhiteFideId "30951089"]
[BlackFideId "2203383"]
[EventDate "2025.06.10"]

1. d4 Nf6 2. Bg5 e6 3. e4 h6 4. Bxf6 Qxf6 5. Nc3 Qd8 6. Qd2 d5 7. e5 c5 8. dxc5
Bxc5 9. Nf3 Nc6 10. Bd3 Bd7 11. O-O O-O 12. Ne2 Nb4 13. Ned4 Nxd3 14. Qxd3 Qb6
15. Rab1 Rfc8 16. c3 a6 17. b3 Bb5 18. Nxb5 Qxb5 19. Qd2 Ba7 20. Rfc1 Rc7 21.
Nd4 Bxd4 22. cxd4 Rac8 23. g3 Qb6 24. Rxc7 Qxc7 25. Rb2 Qc1+ 26. Kg2 Qxd2 27.
Rxd2 Rc3 28. Kf1 f6 29. f4 Kf7 30. Ke2 Kg6 31. exf6 gxf6 32. Kf2 Kf5 33. h3 h5
34. Kg2 Ke4 35. Re2+ Re3 36. Rd2 Re1 37. Kf2 Re3 38. Kg2 b5 39. Kf2 b4 40. Kg2
a5 41. Kf2 Rd3 42. Re2+ Kxd4 43. Rxe6 Rd2+ 44. Kf3 Rxa2 45. Rxf6 a4 46. bxa4
Rxa4 47. g4 hxg4+ 48. hxg4 Ra3+ 49. Kf2 b3 50. g5 b2 51. Rb6 Ra2 52. Kf3 Kc5 53.
Rb8 Kc4 54. g6 Ra3+ 55. Kf2 Rb3 56. Rxb3 Kxb3 57. g7 b1=Q 58. g8=Q Qe4 59. Qf7
Kc3 60. f5 Kd4 61. f6 Ke5 62. Qe7+ Kd4 63. Qxe4+ dxe4 64. f7 e3+ 65. Ke2 1-0

[Event "Titled Tue 10th Jun Late"]
[Site "chess.com INT"]
[Date "2025.06.10"]
[Round "3"]
[White "Maghsoodloo, Parham"]
[Black "Adewumi, Tanitoluwa"]
[Result "0-1"]
[WhiteTitle "GM"]
[BlackTitle "FM"]
[WhiteElo "2691"]
[BlackElo "2362"]
[WhiteFideId "12539929"]
[BlackFideId "30966396"]
[EventDate "2025.06.10"]

1. d4 Nf6 2. c4 e6 3. Nc3 Bb4 4. e3 O-O 5. Ne2 c6 6. a3 Ba5 7. b4 Bc7 8. e4 d5
9. e5 Nfd7 10. cxd5 exd5 11. f4 Qe7 12. Be3 f6 13. Qd2 a5 14. b5 fxe5 15. dxe5
Nxe5 16. fxe5 Bxe5 17. Bd4 Bf4 18. Qb2 Qh4+ 19. g3 Bxg3+ 20. hxg3 Qxh1 21. Nf4
Bg4 22. Nce2 g5 23. Bc5 Nd7 24. Bxf8 Rxf8 25. bxc6 bxc6 26. O-O-O gxf4 27. gxf4
Qh6 28. Qc3 Qf6 29. Qg3 Qa1+ 30. Kd2 Qb2+ 31. Ke1 Nf6 32. Qh4 Re8 33. Rd2 Qb1+
34. Rd1 Qc2 35. Rd2 Qc1+ 36. Rd1 Qc3+ 37. Rd2 Qe3 38. Rc2 Qe7 39. f5 Qe5 40.
Qg5+ Kf7 41. Rxc6 Qa1+ 42. Rc1 Qe5 43. Rc6 Qg3+ 44. Kd2 Ne4+ 45. Kc2 Nxg5 46.
Nxg3 h5 47. Rc7+ Kf6 48. Rc6+ Kf7 49. Bd3 h4 50. Nh1 Ne4 51. Rh6 Bxf5 52. Rxh4
Rc8+ 53. Kb2 Rb8+ 54. Kc1 Rb3 55. Bxe4 dxe4 56. Rf4 Ke6 57. a4 e3 58. Ng3 Rb1# 0-1

[Event "Titled Tue 10th Jun Late"]
[Site "chess.com INT"]
[Date "2025.06.10"]
[Round "3"]
[White "Sargsyan, Shant"]
[Black "Saydaliev, Saidakbar"]
[Result "1/2-1/2"]
[WhiteTitle "GM"]
[BlackTitle "IM"]
[WhiteElo "2669"]
[BlackElo "2450"]
[WhiteFideId "13306766"]
[BlackFideId "14203693"]
[EventDate "2025.06.10"]

1. c4 e6 2. g3 d5 3. Bg2 Nf6 4. Nf3 Be7 5. O-O O-O 6. b3 c5 7. cxd5 Nxd5 8. Bb2
Nc6 9. d4 cxd4 10. Nxd4 Bd7 11. Nc3 Nxc3 12. Bxc3 Rc8 13. Rc1 Nxd4 14. Bxd4 Rxc1
15. Qxc1 Bc6 16. Bxc6 bxc6 17. Rd1 Qa5 18. Qc2 Rd8 19. Rd3 c5 20. Bc3 Qc7 21.
Rxd8+ Qxd8 22. Qe4 Qd5 23. Qc2 c4 24. b4 a6 25. a4 h5 26. e4 Qd7 27. h4 Qc6 28.
Kf1 Bd8 29. Ke2 Bb6 30. Kf3 f5 31. Qe2 Kf7 32. Kf4 Bc7+ 33. e5 Kg6 34. f3 Qd5
35. g4 hxg4 36. fxg4 fxg4 37. Qxg4+ Kh7 38. Qf3 Kg6 39. Qg4+ Kf7 40. Qh5+ Kf8
41. Qf3 Kf7 42. h5 Ke7 43. Qe4 Bb6 44. Qg6 Kf8 45. h6 gxh6 46. Qxh6+ Ke7 47.
Qg7+ Ke8 48. Qg8+ Kd7 49. Qf7+ Kc6 50. Qe8+ Kb7 51. Qe7+ Bc7 52. b5 axb5 53.
axb5 Qxb5 54. Qxe6 Qc6 55. Qf5 Qd5 56. Qe4 Qxe4+ 57. Kxe4 Bxe5 58. Bxe5 c3 59.
Bxc3 1/2-1/2

[Event "Titled Tue 10th Jun Late"]
[Site "chess.com INT"]
[Date "2025.06.10"]
[Round "3"]
[White "Woodward, Andy"]
[Black "Kravtsiv, Martyn"]
[Result "1-0"]
[WhiteTitle "GM"]
[BlackTitle "GM"]
[WhiteElo "2567"]
[BlackElo "2598"]
[WhiteFideId "30953499"]
[BlackFideId "14113147"]
[EventDate "2025.06.10"]

1. Nf3 Nf6 2. c4 e6 3. g3 d5 4. Bg2 Be7 5. O-O O-O 6. d4 c6 7. Qc2 b6 8. Bf4
Nbd7 9. Nbd2 Bb7 10. e4 dxe4 11. Nxe4 c5 12. Nxf6+ Nxf6 13. Rad1 Qc8 14. dxc5
Qxc5 15. b3 Rad8 16. Qe2 h6 17. h4 Qc8 18. Ne5 Bxg2 19. Kxg2 Nd7 20. Nf3 Nf6 21.
Ne5 Nd7 22. Qf3 Nxe5 23. Bxe5 Rxd1 24. Rxd1 Rd8 25. Rxd8+ Qxd8 26. Qb7 Bc5 27.
Qxa7 Qd2 28. Qa8+ Kh7 29. Qf3 f6 30. Bc3 Qxa2 31. b4 Bxf2 32. Qxf2 Qxc4 33. Qe3
b5 34. Kf2 e5 35. Bd2 Qc2 36. Qe2 Kh8 37. Be3 Qc6 38. Qd3 e4 39. Qd8+ Kh7 40. g4
Qe6 41. g5 Qf5+ 42. Ke1 Qh3 43. Bf2 Qh1+ 44. Kd2 Qf3 45. Qd4 hxg5 46. hxg5 fxg5
47. Qe3 Qf4 48. Bg3 Qf5 49. Qc5 Qd7+ 50. Ke1 Qg4 51. Qe5 Kg6 52. Bf2 Qf3 53. Bd4
Qh1+ 54. Kd2 Qg2+ 55. Kc1 Qf1+ 56. Kb2 Qe2+ 57. Ka3 Qd3+ 58. Bc3 e3 59. Qxg7+
Kh5 60. Qe5 e2 61. Kb2 Kg4 62. Be1 Qc4 63. Qg3+ Kf5 64. Qf3+ Kg6 65. Bc3 g4 66.
Qf6+ Kh5 67. Bd2 1-0

[Event "Titled Tue 10th Jun Late"]
[Site "chess.com INT"]
[Date "2025.06.10"]
[Round "3"]
[White "Noroozi, Omid"]
[Black "Harshal, Shahi"]
[Result "0-1"]
[WhiteTitle "IM"]
[BlackTitle "FM"]
[WhiteElo "2266"]
[BlackElo "2143"]
[WhiteFideId "12501190"]
[BlackFideId "5048257"]
[EventDate "2025.06.10"]

1. c4 c6 2. Nf3 d5 3. e3 g6 4. d4 Bg7 5. Nc3 Nf6 6. Be2 O-O 7. O-O b6 8. b3 Bb7
9. Bb2 Nbd7 10. Rc1 Rc8 11. Nd2 e5 12. dxe5 Nxe5 13. cxd5 Nxd5 14. Nxd5 Qxd5 15.
Bxe5 Qxe5 16. Nc4 Qe7 17. Qd6 Qg5 18. Qd7 Ba8 19. Bf3 c5 20. Bxa8 Rxa8 21. a4
Rfd8 22. Qb7 Qd5 23. Qxd5 Rxd5 24. Rcd1 Rad8 25. Rxd5 Rxd5 26. e4 Rd3 27. Rb1
Bd4 28. Kf1 Rc3 29. Nd2 Rc2 30. Rd1 Rb2 31. Nf3 Rxf2+ 32. Ke1 Rxg2 33. Nxd4 Rg1+
34. Ke2 Rxd1 35. Kxd1 cxd4 36. Kd2 g5 37. Kd3 h5 38. Kxd4 Kg7 39. Ke5 Kg6 40. b4
g4 41. Kf4 Kf6 42. a5 bxa5 43. bxa5 a6 44. e5+ Ke6 45. Ke4 f5+ 46. exf6 Kxf6 47.
Kf4 Kg6 48. Ke5 Kg5 49. Kd6 h4 50. Kc6 g3 51. hxg3 hxg3 52. Kb6 g2 53. Kxa6 g1=Q
54. Kb7 Qb1+ 55. Kc6 Qc2+ 56. Kb6 Qb3+ 57. Kc6 Qc4+ 58. Kb6 Qb4+ 59. Ka6 Kf5 60.
Ka7 Qxa5+ 61. Kb8 Qc5 62. Ka8 Ke6 63. Kb8 Kd7 64. Ka8 Qb4 0-1